Central Library OPAC University of Rajshahi

The U.S.A. in the world economy. (Record no. 23588)

MARC details
000 -LEADER
fixed length control field 00986cam a2200313 a 4500
001 - CONTROL NUMBER
control field 23588
003 - CONTROL NUMBER IDENTIFIER
rucl marc code BD-RjUL
005 - DATE AND TIME OF LATEST TRANSACTION
control field 20211209000940.0
008 - FIXED-LENGTH DATA ELEMENTS--GENERAL INFORMATION
fixed length control field 140311s1984 cauc 000 0 eng
020 ## - INTERNATIONAL STANDARD BOOK NUMBER
International Standard Book Number 0877358028
International Standard Book Number 087735801X (pbk.)
035 ## - SYSTEM CONTROL NUMBER
System control number (BD-RjUL)23653
040 ## - CATALOGING SOURCE
Original cataloging agency DLC
Transcribing agency DLC
Modifying agency DLC
-- BD-RjUL
Language of cataloging eng
041 ## - LANGUAGE CODE
Language code of text/sound track or separate title eng
082 00 - DEWEY DECIMAL CLASSIFICATION NUMBER
Classification number 337.73
Edition number 19
Author mark and year USA 1984
245 04 - TITLE STATEMENT
Title The U.S.A. in the world economy.
260 ## - PUBLICATION, DISTRIBUTION, ETC. (IMPRINT)
Place of publication, distribution, etc. San Francisco, CA :
Name of publisher, distributor, etc. Freeman, Cooper,
Date of publication, distribution, etc. c1984.
300 ## - PHYSICAL DESCRIPTION
Pagination 116 p. :
Illustrations ports. ;
Size 22 cm.
650 #0 - SUBJECT ADDED ENTRY--TOPICAL TERM
Topical term or geographic name as entry element International economic relations.
9 (RLIN) 72612
Topical term or geographic name as entry element Economic history
Chronological subdivision 1971-1990.
9 (RLIN) 72613
Topical term or geographic name as entry element Economists
General subdivision Interviews.
9 (RLIN) 72614
651 #0 - SUBJECT ADDED ENTRY--GEOGRAPHIC NAME
Geographic name United States
General subdivision Foreign economic relations.
9 (RLIN) 72615
Geographic name United States
General subdivision Economic conditions
Chronological subdivision 1981-2001.
9 (RLIN) 8664
700 1# - ADDED ENTRY--PERSONAL NAME
Personal name Heertje, Arnold,
Dates associated with a name 1934-
942 ## - ADDED ENTRY ELEMENTS (KOHA)
Source of classification or shelving scheme Dewey Decimal Classification
Koha item type Books
Holdings
Lost status Source of classification or shelving scheme Damaged status Not for loan Collection code Permanent Location Current Location Shelving location Date acquired Source of acquisition Total Checkouts Full call number Date last seen Copy number Koha item type
  Dewey Decimal Classification   Added to bundle Non-fiction Central Library, University of Rajshahi Central Library, University of Rajshahi Reading Room 08/01/1990 Asia Fundation   337.73 USA 1984 11/03/2014 C-1 Books